000 01349namaa22003251i 4500
005 20260405111658.0
008 260405s1995 u a|||fr|m|| 000 0 eng d
040 _aEG-GICUC
_beng
_cEG-GICUC
_dEG-GICUC
_erda
041 0 _aeng
_beng
_bara
049 _aDeposit
097 _aM.Sc
099 _aCai01.12.02.M.Sc.1995.Je.P
100 0 _aJeannette Nassif Asaad ,
_epreparation.
245 1 0 _aPreparation and testing of some polymer composites /
_cBy Jeannette Nassif Asaad ; Supervised . Prof.Dr. Mohamed Amine Abou , Prof.Dr. Nawal Edward ,Prof.Dr. Ninette Latif ,
246 1 5 _aتحضير واختبار بعض المتراكبات البوليمرية
264 0 _c1995
300 _a113 Leaves :
_billustrations ;
_c30 cm. +
336 _2rda content
_atext
337 _2rdamedia
_aUnmediated
338 _2rdacarrier
_avolume
502 _aThesis (M.Sc.) -Cairo University, 1995
504 _aBibliography: pages 99 : 113
653 0 _aPreparation and testing of some polymer composites
700 0 _aMohamed Amine Abou
_ethesis advisor.
700 0 _aNawal Edward
700 0 _a Ninette Latif
_ethesis advisor.
900 _D Department of Biochemis
_F Faculty of Biochemis
_U Cairo University
_b1995
_cMohamed Amine Abou
_cNawal Edward
_c Ninette Latif
_dMohamed Amine Abou
905 _aNagat
942 _2ddc
_cTH
_e21
_n0
999 _c179179